000 01645nam a2200385 a 4500
003 BLK
005 20250715151155.0
008 180410b bul|||||r ||||||| ||bul||
020 _a978-954-27-1028-8
020 _a9789542710288
040 _aBLK
041 _aBUL
_cBUL
080 _aИталианска литература
_b821.131.1
_x-93-31
_z821.131.1-93-31
084 _aБ 16
100 1 _935513
_aБакаларио, Пиердоменико
245 1 0 _aДюкянът на забравените карти
_ctext by Pierdomenico Baccalario; Пиердоменико Бакаларио; прев. от итал. Весела Лулова Цалова; ill. by Iacopo Bruno.
257 _aITA
260 _aСофия
_bЕгмонт България
_c2013
_fДобрич : Фолиарт
300 _a248 с.
_bс ил.
_c21 см
380 _aDX
490 _aЮлисес Мур
_vТетр. 2
500 _aОриг. загл. La bottega delle mappe dimenticate / Pierdomenico Baccalario. - Авт. не е отбелязан на кор.
653 _aромани
653 _aлитература за деца
653 _aдетска литература
700 1 _aBaccalario, Pierdomenico
_etext by
_94196
700 1 _aЦалова, Весела Лулова
_eпрев. от итал.
_9367540
700 1 _aBruno, Iacopo
_eill. by
_9330900
852 _aЦб 268087
_bЦб
852 _bД
_c821-93/Б 16 П
942 _cKNG
_n0
_010
944 _aCR
_c24.03.2014
_lРусанова Ирена
_k30542
999 _c152005
_d152005
999 _d152005